The new reading tropical maps

Bibliographic Details
Main Author: Bunnett, R. B. (Author)
Format: Book
Language:English
Published: Singapore : Pearson Education Pte Ltd 2003
Edition:Fifth edition
Subjects:

MARC

LEADER 00000cam a2200000 7i4500
001 0000018627
005 20241127.0
008 070207 si a eng
020 |a 9814114758 
040 |a INS   |b eng   |e rda 
090 0 0 |a GA151   |b .B86 2003 
100 1 |a Bunnett, R. B. ,   |e author 
245 1 4 |a The new reading tropical maps   |c R. B. Bunnett 
250 |a Fifth edition 
264 1 |a Singapore :   |b Pearson Education Pte Ltd   |c 2003 
264 4 |c ©2003 
300 |a 116 pages :   |b illustrations, colour ;   |c 30 cm. 
336 |a text  |2 rdacontent 
337 |a unmediated  |2 rdamedia 
338 |a volume  |2 rdacarrier 
500 |a Includes 1 Map Legends, 3 Maps 
500 |a Includes index 
650 0 0 |a Maps 
999 |a 0000018107   |b BOOK   |c Open Shelf   |e Default branch 
999 |a 0000018108   |b BOOK   |c Open Shelf   |e Default branch 
999 |a 0000018109   |b BOOK   |c Open Shelf   |e Default branch